| 000 | 00510nam a2200157 a 4500 | ||
|---|---|---|---|
| 001 | 000024317 | ||
| 005 | 20200930022914.0 | ||
| 008 | 110126s1948 dr 000 0 spa d | ||
| 040 |
_aDO-SdBNP _bspa _cBNPHU |
||
| 082 |
_axxx _bB213v |
||
| 110 | 1 |
_aBanco de crédito agricola e industrial de la República Dominicana _97359 |
|
| 245 | 1 | 0 | _aVentajas de las inversiones en cedulas hipotecarias. |
| 260 |
_aCiudad Trujillo, República Dominicana : _bMontalvo, _c1948. |
||
| 300 |
_a19 p. ; _c26 cm. |
||
| 049 | _aBNPD | ||
| 999 |
_c23810 _d23810 |
||